| Tag |
First Indicator |
Second Indicator |
Subfields |
| LEADER |
00000pam a2200000 a 4500 |
| 001 |
in00000087195 |
| 005 |
20151008062832.0 |
| 008 |
811202s1982 nyu b 00010 eng |
| 010 |
|
|
|a 81022289
|
| 020 |
|
|
|a 0811208303
|
| 020 |
|
|
|a 0811208311 (pbk.)
|
| 035 |
|
|
|a (OCoLC)08032385
|
| 035 |
|
|
|9 AAK1038AM
|
| 040 |
|
|
|a DLC
|c DLC
|d TXA
|d UtOrBLW
|
| 049 |
|
|
|a TXAM[Also in] [Wein]
|c 1 [1673478], 2 [A09511754]
|
| 050 |
0 |
0 |
|a PS3562.E8876
|b C3 1982
|
| 082 |
0 |
|
|a 811/.54
|2 19
|
| 100 |
1 |
|
|a Levertov, Denise,
|d 1923-1997.
|
| 245 |
1 |
0 |
|a Candles in Babylon /
|c Denise Levertov.
|
| 264 |
|
1 |
|a New York :
|b New Directions Pub. Corp.,
|c 1982.
|
| 300 |
|
|
|a 117 pages ;
|c 21 cm.
|
| 336 |
|
|
|a text
|b txt
|2 rdacontent
|
| 337 |
|
|
|a unmediated
|b n
|2 rdamedia
|
| 338 |
|
|
|a volume
|b nc
|2 rdacarrier
|
| 490 |
0 |
|
|a A New Directions book
|
| 504 |
|
|
|a Includes bibliographical references.
|
| 536 |
|
|
|a Poetry browsing collection: gift of Eleanor Weinbaum family.
|
| 999 |
|
|
|a MARS
|
| 999 |
f |
f |
|s bddf115b-741f-308c-851c-aa255d67d9c2
|i b4ca735f-189c-3aa5-bf7d-04d8906e2092
|t 0
|
| 952 |
f |
f |
|p normal
|a Texas A&M University
|b College Station
|c Sterling C. Evans Library
|d Evans: Library Stacks
|t 0
|e PS3562.E8876 C3 1982
|h Library of Congress classification
|i unmediated -- volume
|m A14809511754
|
| 998 |
f |
f |
|a PS3562.E8876 C3 1982
|t 0
|l Evans: Library Stacks
|